[Event "Campeonato del Mundo sub-20 2010 Fem."]
[Site "Chotowa-Czarna, Poland"]
[Date "2010.08.10"]
[Round "7.37"]
[White "Tonel, Giulia"]
[Black "Oliver, Tamzin L"]
[Result "1-0"]
[WhiteElo "2001"]
[BlackElo "1737"]
[PlyCount "71"]
[EventDate "2010.08.03"]
[EventType "swiss"]
[EventRounds "13"]
[EventCountry "POL"]
[Source "lmi"]
[SourceDate "2010.08.03"]

1. e4 c5 2. Nf3 Nc6 3. Bb5 g6 4. Bxc6 bxc6 5. d3 Bg7 6. O-O d6 7. h3 e5 8. c3
Ne7 9. Re1 O-O 10. Nbd2 f5 11. Nc4 Ba6 12. Qa4 Bb5 13. Qb3 Kh8 14. a4 Ba6 15.
Qa2 Bc8 16. Ncd2 h6 17. b4 Ba6 18. Qc2 cxb4 19. cxb4 fxe4 20. dxe4 d5 21. Ra3
d4 22. Rb3 Rc8 23. Qc5 Qc7 24. Ba3 Rf7 25. Rc1 Qb6 26. Nxe5 Bxe5 27. Qxe5+ Kh7
28. Bb2 Rd8 29. Nf3 Bc8 30. Bxd4 Qb7 31. b5 Qd7 32. Bb2 g5 33. Qc3 Ng6 34. bxc6
Qc7 35. Nd4 Nf4 36. Qc2 1-0

[Event "Campeonato del Mundo sub-20 2010 Fem."]
[Site "Chotowa-Czarna, Poland"]
[Date "2010.08.10"]
[Round "7.38"]
[White "Lis, Marcelina"]
[Black "Gora, Antonina"]
[Result "1-0"]
[WhiteElo "1905"]
[BlackElo "1579"]
[PlyCount "85"]
[EventDate "2010.08.03"]
[EventType "swiss"]
[EventRounds "13"]
[EventCountry "POL"]
[Source "lmi"]
[SourceDate "2010.08.03"]

1. e4 c5 2. Nf3 a6 3. c3 d6 4. d4 cxd4 5. cxd4 Nd7 6. Nc3 b5 7. Qb3 e6 8. a4
bxa4 9. Qxa4 Be7 10. Bc4 Bb7 11. Bf4 Qc7 12. Bb3 Qb6 13. O-O h6 14. Nd2 Bc6 15.
Qc4 Ngf6 16. Be3 d5 17. Qe2 O-O 18. e5 Nh7 19. Qg4 Ng5 20. h4 f5 21. exf6 Nxf6
22. Qg3 Nf7 23. Ne2 Ne4 24. Nxe4 Qxb3 25. Nd2 Qb5 26. Nf4 Bd6 27. Qg4 Bxf4 28.
Bxf4 Bd7 29. Qg3 Qxb2 30. Nf3 Qc3 31. Rfc1 Qd3 32. Rc7 Bb5 33. Bxh6 Qh7 34. Bf4
Nh6 35. Bxh6 Qxh6 36. Ng5 Rf6 37. Rac1 Raf8 38. Re1 Re8 39. Qg4 Rg6 40. Re5 Bd3
41. Qf3 Rf6 42. Qxd3 Qxh4 43. Nh3 1-0

[Event "Campeonato del Mundo sub-20 2010 Fem."]
[Site "Chotowa-Czarna, Poland"]
[Date "2010.08.11"]
[Round "8.1"]
[White "Girya, Olga"]
[Black "Muzychuk, Anna"]
[Result "1/2-1/2"]
[WhiteElo "2376"]
[BlackElo "2527"]
[PlyCount "68"]
[EventDate "2010.08.03"]
[EventType "swiss"]
[EventRounds "13"]
[EventCountry "POL"]
[Source "lmi"]
[SourceDate "2010.08.03"]

1. d4 Nf6 2. Nf3 e6 3. g3 c5 4. Bg2 d5 5. O-O cxd4 6. Nxd4 e5 7. Nf3 Nc6 8. c4
d4 9. e3 Be7 10. exd4 exd4 11. Bf4 O-O 12. Ne5 Be6 13. Nxc6 bxc6 14. Nd2 Rc8
15. Re1 Qb6 16. Nf3 Rfe8 17. Qb3 c5 18. Ng5 Bf8 19. Qxb6 axb6 20. Nxe6 fxe6 21.
Rad1 g6 22. Rd3 Bg7 23. Rb3 e5 24. Rxe5 Rxe5 25. Bxe5 Re8 26. f4 Ng4 27. Bc6
Re7 28. Bd5+ Kh8 29. Rxb6 Bxe5 30. fxe5 d3 31. e6 d2 32. Bf3 Ne5 33. Be2 Nxc4
34. Rc6 Nxb2 1/2-1/2

[Event "Campeonato del Mundo sub-20 2010 Fem."]
[Site "Chotowa-Czarna, Poland"]
[Date "2010.08.11"]
[Round "8.2"]
[White "Muminova, Nafisa"]
[Black "Padmini, Rout"]
[Result "1/2-1/2"]
[WhiteElo "2290"]
[BlackElo "2275"]
[PlyCount "71"]
[EventDate "2010.08.03"]
[EventType "swiss"]
[EventRounds "13"]
[EventCountry "POL"]
[Source "lmi"]
[SourceDate "2010.08.03"]

1. d4 Nf6 2. c4 g6 3. Nc3 Bg7 4. e4 d6 5. Be2 O-O 6. Bg5 Nbd7 7. Qd2 a6 8. Bh6
e5 9. dxe5 dxe5 10. Bg5 c6 11. Nf3 Nc5 12. Qe3 Ne6 13. O-O Nxg5 14. Qxg5 Nd7
15. Qe3 Qe7 16. Rfd1 Nc5 17. Bf1 Bg4 18. h3 Bxf3 19. Qxf3 Ne6 20. Rab1 Nd4 21.
Qe3 b5 22. b4 Rfd8 23. a4 a5 24. Ne2 axb4 25. axb5 cxb5 26. cxb5 Nxb5 27. Rxd8+
Rxd8 28. Qb6 Nc3 29. Rxb4 Bf8 30. Rc4 Nxe2+ 31. Bxe2 Rd2 32. Rc7 Qd8 33. Bc4
Rd7 34. Rc6 Qxb6 35. Rxb6 Bc5 36. Rb2 1/2-1/2

[Event "Campeonato del Mundo sub-20 2010 Fem."]
[Site "Chotowa-Czarna, Poland"]
[Date "2010.08.11"]
[Round "8.3"]
[White "Guramishvili, Sopiko"]
[Black "Mammadova, Gulnar Marfat"]
[Result "1-0"]
[WhiteElo "2298"]
[BlackElo "2260"]
[PlyCount "76"]
[EventDate "2010.08.03"]
[EventType "swiss"]
[EventRounds "13"]
[EventCountry "POL"]
[Source "lmi"]
[SourceDate "2010.08.03"]

1. Nf3 Nf6 2. c4 g6 3. b4 Bg7 4. Bb2 O-O 5. e3 c6 6. Be2 d6 7. d4 Nbd7 8. O-O
d5 9. Nbd2 dxc4 10. Nxc4 Nb6 11. Na5 Nbd5 12. a3 Rb8 13. Rc1 Qc7 14. Bc4 Bf5
15. Ne5 Rbd8 16. Qb3 Be6 17. Rfe1 Ne4 18. Qc2 Nd6 19. Bxd5 Bxd5 20. e4 Be6 21.
d5 f6 22. Nexc6 bxc6 23. dxe6 Bh6 24. Qxc6 Qxc6 25. Rxc6 Nxe4 26. Bc1 Bxc1 27.
Rcxc1 f5 28. f3 Nf6 29. Nc6 Rde8 30. Nxa7 Nd5 31. Nc6 Nf4 32. Rc4 Nd3 33. Re3
Nb2 34. Rd4 Na4 35. b5 f4 36. Re5 Nb6 37. a4 Kg7 38. a5 Rh8 1-0

[Event "Campeonato del Mundo sub-20 2010 Fem."]
[Site "Chotowa-Czarna, Poland"]
[Date "2010.08.11"]
[Round "8.4"]
[White "Severiukhina, Zoja"]
[Black "Bhakti, Kulkarni Pradip"]
[Result "0-1"]
[WhiteElo "2341"]
[BlackElo "2249"]
[PlyCount "78"]
[EventDate "2010.08.03"]
[EventType "swiss"]
[EventRounds "13"]
[EventCountry "POL"]
[Source "lmi"]
[SourceDate "2010.08.03"]

1. e4 g6 2. d4 Bg7 3. Nc3 c6 4. Nf3 d5 5. h3 dxe4 6. Nxe4 Nd7 7. Bc4 Ngf6 8.
Ng3 O-O 9. a4 e5 10. O-O exd4 11. Nxd4 Ne5 12. Be2 Qc7 13. c3 a6 14. f4 Ned7
15. Qe1 Re8 16. Qf2 Nc5 17. Bc4 Nfe4 18. Nxe4 Nxe4 19. Qf3 Nd6 20. Ba2 Kh8 21.
Kh1 Bd7 22. Ne2 Re7 23. Ng3 Rae8 24. Bd2 Qc8 25. Kh2 Be6 26. Bxe6 Qxe6 27. f5
Nxf5 28. Rae1 Qd6 29. Bf4 Qd7 30. Rd1 Qc8 31. Bg5 Be5 32. Bxe7 Rxe7 33. Qg4
Bxg3+ 34. Kg1 Qc7 35. Rf3 Bh2+ 36. Kh1 Bd6 37. Rfd3 Ng3+ 38. Kg1 Bc5+ 39. Kh2
Ne4+ 0-1

[Event "Campeonato del Mundo sub-20 2010 Fem."]
[Site "Chotowa-Czarna, Poland"]
[Date "2010.08.11"]
[Round "8.5"]
[White "Melekhina, Alisa"]
[Black "Heredia Serrano, Carla Sofia"]
[Result "1-0"]
[WhiteElo "2265"]
[BlackElo "2080"]
[PlyCount "125"]
[EventDate "2010.08.03"]
[EventType "swiss"]
[EventRounds "13"]
[EventCountry "POL"]
[Source "lmi"]
[SourceDate "2010.08.03"]

1. e4 c6 2. d4 d5 3. Nc3 dxe4 4. Nxe4 Bf5 5. Ng3 Bg6 6. h4 h6 7. Nf3 Nd7 8. h5
Bh7 9. Bd3 Bxd3 10. Qxd3 e6 11. Bd2 Ngf6 12. O-O-O Be7 13. Qe2 c5 14. Rhe1 O-O
15. Nf5 Re8 16. Nxe7+ Qxe7 17. g4 Nxg4 18. Rg1 f5 19. Ne5 cxd4 20. Nxg4 fxg4
21. Rxg4 Kh8 22. Rdg1 Rg8 23. Rxd4 Nf6 24. Qe5 Rad8 25. Bc3 Rxd4 26. Bxd4 Rd8
27. Qe3 Qf7 28. Be5 Qxh5 29. Bxf6 gxf6 30. Qxe6 Qe5 31. Qh3 Qf4+ 32. Kb1 Qd2
33. a3 Rg8 34. Rh1 Rg7 35. Qxh6+ Qxh6 36. Rxh6+ Kg8 37. Rxf6 Rc7 38. Rf4 Kg7
39. c4 Kg6 40. b3 Kg5 41. Rf8 a5 42. a4 b6 43. Kb2 Rd7 44. Kc3 Rd1 45. Rf3 Rc1+
46. Kd4 Rd1+ 47. Ke4 Rd2 48. Rf5+ Kg4 49. f3+ Kg3 50. Rg5+ Kf2 51. f4 Re2+ 52.
Kd4 Kf3 53. Rg6 Re4+ 54. Kd5 Rxf4 55. Rxb6 Ke3 56. c5 Rf5+ 57. Kc4 Rf4+ 58. Kb5
Kd4 59. c6 Rf5+ 60. Ka6 Rf8 61. c7 Kc5 62. Rb8 Rf6+ 63. Kxa5 1-0

[Event "Campeonato del Mundo sub-20 2010 Fem."]
[Site "Chotowa-Czarna, Poland"]
[Date "2010.08.11"]
[Round "8.6"]
[White "Corke, Anya"]
[Black "Nakhbayeva, Guliskhan"]
[Result "1-0"]
[WhiteElo "2257"]
[BlackElo "2216"]
[PlyCount "147"]
[EventDate "2010.08.03"]
[EventType "swiss"]
[EventRounds "13"]
[EventCountry "POL"]
[Source "lmi"]
[SourceDate "2010.08.03"]

1. d4 d5 2. c4 c6 3. Nf3 Nf6 4. e3 Bf5 5. Nc3 e6 6. Nh4 Be4 7. f3 Bg6 8. Qb3
Qc7 9. Bd2 Be7 10. Nxg6 hxg6 11. cxd5 Nxd5 12. O-O-O Nd7 13. Kb1 Rb8 14. h3 a6
15. Nxd5 exd5 16. e4 Qd6 17. Be3 b5 18. exd5 cxd5 19. Bd3 Nb6 20. Rhe1 O-O 21.
Bc1 Bf6 22. Bc2 Rfc8 23. Qd3 Rc4 24. Be3 Rbc8 25. Re2 a5 26. h4 Bxh4 27. Rh1
Bg3 28. Bg5 b4 29. f4 Bxf4 30. Qh3 f5 31. Re7 Qxe7 32. Bxe7 Rxc2 33. Bc5 R8xc5
34. dxc5 Rxc5 35. Qh4 g5 36. Qh7+ Kf7 37. Qxf5+ Ke7 38. Re1+ Kd6 39. Qf7 Kc6
40. Qxg7 Nc4 41. Qg6+ Nd6 42. Qd3 Nc4 43. Qd4 Nd2+ 44. Ka1 Ne4 45. Rd1 Bd6 46.
Kb1 Bf4 47. Qd3 Kb6 48. Qd4 Kc6 49. Qh8 Nd2+ 50. Ka1 Ne4 51. Qe8+ Kb6 52. Rh1
Nd6 53. Qb8+ Kc6 54. Qa8+ Kb6 55. Kb1 d4 56. Qd8+ Kc6 57. Qa8+ Kb6 58. a4 bxa3
59. bxa3 d3 60. g3 Be5 61. Qb8+ Kc6 62. Rc1 Bc3 63. Qa8+ Kd7 64. Qa7+ Kc6 65.
Qa6+ Kd7 66. Qxd3 Rb5+ 67. Kc2 Be5 68. Rh1 Rb2+ 69. Kc1 Ra2 70. Rh7+ Kc6 71.
Qa6+ Kd5 72. Qxa5+ Kd4 73. Qb4+ Nc4 74. Rd7+ 1-0

[Event "Campeonato del Mundo sub-20 2010 Fem."]
[Site "Chotowa-Czarna, Poland"]
[Date "2010.08.11"]
[Round "8.7"]
[White "Ohme, Melanie"]
[Black "Lach, Aleksandra"]
[Result "1-0"]
[WhiteElo "2326"]
[BlackElo "2179"]
[PlyCount "83"]
[EventDate "2010.08.03"]
[EventType "swiss"]
[EventRounds "13"]
[EventCountry "POL"]
[Source "lmi"]
[SourceDate "2010.08.03"]

1. e4 c5 2. Nf3 d6 3. d4 cxd4 4. Nxd4 Nf6 5. Nc3 a6 6. Be3 e5 7. Nb3 Be7 8. f3
Be6 9. Qd2 O-O 10. O-O-O a5 11. Bb5 Nbd7 12. Qf2 Rc8 13. Kb1 Rxc3 14. bxc3 a4
15. Bxa4 Qa8 16. Bb5 Rc8 17. Qd2 Nc5 18. c4 Na6 19. Qe2 Nc7 20. g4 Nxb5 21.
cxb5 Bc4 22. Qd2 Qa4 23. g5 Nd7 24. Qc3 Qxb5 25. h4 Nf8 26. Rh2 Ra8 27. f4 exf4
28. Bxf4 Qa6 29. Qb2 Qc6 30. Rhd2 Qxe4 31. Rd4 Qe2 32. Bxd6 Bxd6 33. Rxd6 Ne6
34. Qc3 g6 35. Rd7 Rc8 36. Qe1 Qg2 37. R1d2 Qc6 38. Qf2 f5 39. gxf6 Bxb3 40.
axb3 Ra8 41. f7+ Kf8 42. Qf6 1-0

[Event "Campeonato del Mundo sub-20 2010 Fem."]
[Site "Chotowa-Czarna, Poland"]
[Date "2010.08.11"]
[Round "8.8"]
[White "Andrenko, Irina"]
[Black "Ziaziulkina, Nastassia"]
[Result "1-0"]
[WhiteElo "2133"]
[BlackElo "2293"]
[PlyCount "71"]
[EventDate "2010.08.03"]
[EventType "swiss"]
[EventRounds "13"]
[EventCountry "POL"]
[Source "lmi"]
[SourceDate "2010.08.03"]

1. e4 c5 2. Nf3 d6 3. d4 cxd4 4. Nxd4 Nf6 5. Nc3 e6 6. Be2 Be7 7. Be3 a6 8. f4
Qc7 9. O-O O-O 10. Kh1 b5 11. a3 Bb7 12. Bd3 Nbd7 13. Qf3 Nc5 14. Rae1 d5 15.
e5 Nfe4 16. Bxe4 dxe4 17. Qg3 Nd7 18. Bg1 b4 19. Nxe4 bxa3 20. bxa3 Bd5 21. f5
Qxe5 22. Nf6+ Qxf6 23. fxe6 Qg6 24. Qxg6 hxg6 25. exd7 Bxa3 26. Re5 Bb7 27. Rb1
Bd6 28. Ree1 Bd5 29. Red1 Be7 30. c4 Be4 31. Rb2 Bf6 32. Re2 Bb7 33. c5 Bxd4
34. Rxd4 Bc6 35. Rd6 Bb5 36. Red2 1-0

[Event "Campeonato del Mundo sub-20 2010 Fem."]
[Site "Chotowa-Czarna, Poland"]
[Date "2010.08.11"]
[Round "8.9"]
[White "Nemcova, Katerina"]
[Black "Pavlidou, Ekaterini"]
[Result "0-1"]
[WhiteElo "2282"]
[BlackElo "2182"]
[PlyCount "74"]
[EventDate "2010.08.03"]
[EventType "swiss"]
[EventRounds "13"]
[EventCountry "POL"]
[Source "lmi"]
[SourceDate "2010.08.03"]

1. e4 c5 2. Nf3 e6 3. d4 cxd4 4. Nxd4 Nf6 5. Nc3 Nc6 6. Ndb5 Bc5 7. Nd6+ Ke7 8.
Bf4 e5 9. Nf5+ Kf8 10. Bg5 d6 11. Bxf6 Qxf6 12. Nd5 Qg6 13. Ng3 h5 14. h4 Be6
15. c3 Bxd5 16. exd5 Nb4 17. Rc1 Nxa2 18. Bd3 e4 19. Bxe4 Re8 20. Ra1 Rxe4+ 21.
Nxe4 Qxe4+ 22. Kf1 Rh6 23. Rh2 Rf6 24. g3 Qe3 25. Qe2 Qxg3 26. Rg2 Qxh4 27. Kg1
Qf4 28. Rxa2 Qc1+ 29. Qf1 Qc2 30. Ra5 Bb6 31. Rb5 h4 32. Rb4 g5 33. Rbg4 h3 34.
Rh2 Qf5 35. Rg3 g4 36. b3 Qf4 37. Kh1 Qxg3 0-1

[Event "Campeonato del Mundo sub-20 2010 Fem."]
[Site "Chotowa-Czarna, Poland"]
[Date "2010.08.11"]
[Round "8.10"]
[White "Baciu, Diana"]
[Black "Toth, Sarolta"]
[Result "1/2-1/2"]
[WhiteElo "2127"]
[BlackElo "2207"]
[PlyCount "34"]
[EventDate "2010.08.03"]
[EventType "swiss"]
[EventRounds "13"]
[EventCountry "POL"]
[Source "lmi"]
[SourceDate "2010.08.03"]

1. e4 e5 2. Nf3 Nc6 3. Bc4 Bc5 4. c3 Nf6 5. d3 d6 6. Bb3 Bb6 7. h3 h6 8. Nbd2
Ne7 9. Nf1 Ng6 10. Ng3 O-O 11. O-O d5 12. exd5 Nxd5 13. d4 exd4 14. Nxd4 Ndf4
15. Be3 Nd5 16. Bc1 Ndf4 17. Be3 Nd5 1/2-1/2

[Event "Campeonato del Mundo sub-20 2010 Fem."]
[Site "Chotowa-Czarna, Poland"]
[Date "2010.08.11"]
[Round "8.11"]
[White "Iwanow, Anna"]
[Black "Butuc, Maria"]
[Result "1-0"]
[WhiteElo "2097"]
[BlackElo "2220"]
[PlyCount "69"]
[EventDate "2010.08.03"]
[EventType "swiss"]
[EventRounds "13"]
[EventCountry "POL"]
[Source "lmi"]
[SourceDate "2010.08.03"]

1. e4 c6 2. d4 d5 3. Nc3 dxe4 4. Nxe4 Bf5 5. Ng3 Bg6 6. h4 h6 7. Nf3 Nd7 8. h5
Bh7 9. Bd3 Bxd3 10. Qxd3 e6 11. Bf4 Qa5+ 12. Bd2 Bb4 13. c3 Be7 14. c4 Qc7 15.
O-O-O Ngf6 16. Rhe1 b5 17. cxb5 cxb5+ 18. Kb1 O-O 19. Nf5 exf5 20. Rxe7 Qd6 21.
Re2 Qd5 22. Nh4 Rfe8 23. Rde1 Ne4 24. f3 Nxd2+ 25. Qxd2 Nf6 26. Re5 Rxe5 27.
Rxe5 Qc4 28. Rc5 Qe6 29. Nxf5 a6 30. Re5 Qb6 31. g4 Rd8 32. Nxh6+ Kh7 33. Qc2+
g6 34. Nxf7 Rg8 35. Qd2 1-0

[Event "Campeonato del Mundo sub-20 2010 Fem."]
[Site "Chotowa-Czarna, Poland"]
[Date "2010.08.11"]
[Round "8.12"]
[White "Kulon, Klaudia"]
[Black "Exler, Veronika"]
[Result "1-0"]
[WhiteElo "2230"]
[BlackElo "2143"]
[PlyCount "111"]
[EventDate "2010.08.03"]
[EventType "swiss"]
[EventRounds "13"]
[EventCountry "POL"]
[Source "lmi"]
[SourceDate "2010.08.03"]

1. c4 e6 2. Nf3 d5 3. e3 Nf6 4. b3 c5 5. Bb2 Nc6 6. Be2 d4 7. exd4 cxd4 8. d3
Bc5 9. O-O O-O 10. Re1 e5 11. Ba3 Qd6 12. Bxc5 Qxc5 13. a3 a5 14. b4 Qd6 15. b5
Ne7 16. Nbd2 h6 17. Rc1 b6 18. a4 Bb7 19. c5 bxc5 20. Nc4 Qc7 21. Nfxe5 Ned5
22. Bf3 Nc3 23. Qb3 Bxf3 24. Nxf3 Nfd5 25. Nfd2 Nf4 26. Rxc3 dxc3 27. Qxc3 Rfd8
28. Ne5 Rd4 29. g3 Nd5 30. Qb3 Nb4 31. Ndf3 Rd6 32. Qc4 Qa7 33. Kg2 Rad8 34.
Re3 Rd5 35. Re4 Qb7 36. h4 R8d6 37. h5 Re6 38. Nc6 Rdd6 39. Rxe6 fxe6 40. Qxc5
Rxd3 41. Nfe5 Rd2 42. Ng6 Rd8 43. Qe7 Qxe7 44. Ngxe7+ Kf7 45. Nxd8+ Kxe7 46.
Nb7 Nd5 47. Nxa5 Nc3 48. b6 Kd7 49. b7 Kc7 50. Nc6 Kxb7 51. Nd8+ Kc8 52. Nxe6
Nxa4 53. Nxg7 Kd7 54. Nf5 Ke6 55. Nxh6 Kf6 56. f4 1-0

[Event "Campeonato del Mundo sub-20 2010 Fem."]
[Site "Chotowa-Czarna, Poland"]
[Date "2010.08.11"]
[Round "8.13"]
[White "Saduakassova, Dinara"]
[Black "Semenova, Elena"]
[Result "1/2-1/2"]
[WhiteElo "2131"]
[BlackElo "2194"]
[PlyCount "56"]
[EventDate "2010.08.03"]
[EventType "swiss"]
[EventRounds "13"]
[EventCountry "POL"]
[Source "lmi"]
[SourceDate "2010.08.03"]

1. e4 e5 2. Nf3 Nc6 3. Nc3 Nf6 4. Bb5 Bb4 5. O-O O-O 6. d3 d6 7. Bg5 Bxc3 8.
bxc3 Qe7 9. Re1 Nd8 10. d4 Ne6 11. Bd2 c5 12. Bc4 Nc7 13. dxe5 dxe5 14. Bd5
Nfxd5 15. exd5 f6 16. c4 Ne8 17. Bc3 Nd6 18. Nd2 b6 19. Qe2 Re8 20. Ne4 Ba6 21.
Nxd6 Qxd6 22. a4 Qd7 23. Qd3 Rad8 24. Bb2 Qb7 25. Qb3 Qd7 26. Qd3 Qb7 27. Qb3
Qd7 28. Qd3 Qb7 1/2-1/2

[Event "Campeonato del Mundo sub-20 2010 Fem."]
[Site "Chotowa-Czarna, Poland"]
[Date "2010.08.11"]
[Round "8.14"]
[White "Osmanodja, Filiz"]
[Black "Abdulla, Khayala Mardan"]
[Result "0-1"]
[WhiteElo "2061"]
[BlackElo "2193"]
[PlyCount "136"]
[EventDate "2010.08.03"]
[EventType "swiss"]
[EventRounds "13"]
[EventCountry "POL"]
[Source "lmi"]
[SourceDate "2010.08.03"]

1. e4 c5 2. Nf3 e6 3. d4 cxd4 4. Nxd4 a6 5. Nc3 Qc7 6. Bd3 Nf6 7. O-O b5 8. Qe2
Bb7 9. e5 Nd5 10. Bd2 Be7 11. Qg4 Qxe5 12. Nf3 h5 13. Nxe5 hxg4 14. Nxd5 Bxd5
15. Nxg4 Bb7 16. a4 b4 17. c3 Nc6 18. Ne3 d5 19. Rfc1 bxc3 20. bxc3 Ne5 21. Bf1
Bc6 22. c4 d4 23. Nc2 Rh4 24. f4 d3 25. fxe5 dxc2 26. Rxc2 Bc5+ 27. Kh1 Kd7 28.
Be1 Rh3 29. Rc3 Rh5 30. Bg3 Rah8 31. Be2 Rg5 32. Bf3 Kc7 33. Bxc6 Bd4 34. Rac1
Bxc3 35. Rxc3 Kxc6 36. Rf3 Rd8 37. h4 Rg4 38. Kh2 Rxc4 39. Rxf7 Rd7 40. Rf8
Rxa4 41. h5 a5 42. Bf4 Ra1 43. Ra8 a4 44. Ra6+ Kb5 45. Rxe6 a3 46. Rd6 Re7 47.
Rd5+ Kc4 48. Ra5 a2 49. Kg3 Kb3 50. Bg5 Re8 51. Rb5+ Ka4 52. Rb7 Rb1 53. Ra7+
Kb3 54. Rb7+ Kc2 55. Rc7+ Kd3 56. Rd7+ Ke4 57. Ra7 a1=Q 58. Rxa1 Rxa1 59. h6
gxh6 60. Bxh6 Rxe5 61. Bf8 Rg5+ 62. Kh2 Ra2 63. Kh1 Rgxg2 64. Bc5 Rgc2 65. Bg1
Rab2 66. Ba7 Rb1+ 67. Bg1 Rxg1+ 68. Kxg1 Ke5 0-1

[Event "Campeonato del Mundo sub-20 2010 Fem."]
[Site "Chotowa-Czarna, Poland"]
[Date "2010.08.11"]
[Round "8.15"]
[White "Cyboran, Katarzyna"]
[Black "Warakomska, Anna"]
[Result "0-1"]
[WhiteElo "1777"]
[BlackElo "2192"]
[PlyCount "78"]
[EventDate "2010.08.03"]
[EventType "swiss"]
[EventRounds "13"]
[EventCountry "POL"]
[Source "lmi"]
[SourceDate "2010.08.03"]

1. e4 c5 2. Nf3 d6 3. d4 cxd4 4. Nxd4 Nf6 5. Nc3 Bd7 6. Bc4 e6 7. O-O a6 8. a3
Nc6 9. Be3 Rc8 10. Nxc6 Bxc6 11. Bd3 Be7 12. f4 Qc7 13. Qe2 O-O 14. g4 d5 15.
e5 Ne4 16. Bxe4 dxe4 17. Rfd1 b5 18. Bf2 Ba8 19. Rd2 e3 20. Bxe3 Qb7 21. Kf2
Bh4+ 22. Kf1 Rc4 23. Qg2 Qxg2+ 24. Rxg2 Bxg2+ 25. Kxg2 g5 26. Rf1 f6 27. exf6
Rxf6 28. Kh3 gxf4 29. Kxh4 Rh6+ 30. Kg5 Rg6+ 31. Kh5 fxe3 32. g5 Rc5 33. h4 Re5
34. Ne2 Rg7 35. Rd1 Rd5 36. Re1 Rf7 37. Nc3 Re5 38. Kh6 Rf4 39. h5 Rff5 0-1

[Event "Campeonato del Mundo sub-20 2010 Fem."]
[Site "Chotowa-Czarna, Poland"]
[Date "2010.08.11"]
[Round "8.16"]
[White "Nesterovskaya, Anzhelika"]
[Black "Newrkla, Katharina"]
[Result "0-1"]
[WhiteElo "2177"]
[BlackElo "2105"]
[PlyCount "80"]
[EventDate "2010.08.03"]
[EventType "swiss"]
[EventRounds "13"]
[EventCountry "POL"]
[Source "lmi"]
[SourceDate "2010.08.03"]

1. d4 Nf6 2. c4 e6 3. g3 c5 4. d5 exd5 5. cxd5 d6 6. Bg2 g6 7. e4 Bg7 8. Ne2
O-O 9. O-O Re8 10. Nbc3 Na6 11. h3 Rb8 12. g4 h6 13. Be3 b5 14. Ng3 Qc7 15. Qd2
Kh7 16. f4 b4 17. Nd1 c4 18. g5 Nd7 19. gxh6 c3 20. Qe2 Bxh6 21. Bd4 Nac5 22.
bxc3 bxc3 23. Qg4 Nf6 24. Qh4 Nfxe4 25. Nxc3 Nxg3 26. Qxg3 Rb4 27. Bf6 Nd7 28.
f5 Nxf6 29. fxg6+ fxg6 30. Rxf6 Bf5 31. Rf1 Re3 32. Rf3 Qxc3 33. Rf7+ Kh8 34.
Qxd6 Rb1+ 35. Bf1 Rxf1+ 36. Rxf1 Rg3+ 37. Kh2 Rxh3+ 38. Kg2 Be4+ 39. R1f3 Bxf3+
40. Kxh3 Bxd5+ 0-1

[Event "Campeonato del Mundo sub-20 2010 Fem."]
[Site "Chotowa-Czarna, Poland"]
[Date "2010.08.11"]
[Round "8.17"]
[White "Tsirulnik, Maritsa"]
[Black "Chierici, Marianna"]
[Result "1-0"]
[WhiteElo "2153"]
[BlackElo "2016"]
[PlyCount "57"]
[EventDate "2010.08.03"]
[EventType "swiss"]
[EventRounds "13"]
[EventCountry "POL"]
[Source "lmi"]
[SourceDate "2010.08.03"]

1. e4 c5 2. Nf3 Nc6 3. Bb5 d6 4. O-O Bd7 5. Re1 Nf6 6. c3 a6 7. Bxc6 Bxc6 8. e5
dxe5 9. Nxe5 Qd5 10. Nxc6 Qxc6 11. d4 Rd8 12. Be3 e6 13. Nd2 cxd4 14. Bxd4 Bc5
15. Nb3 Bxd4 16. Nxd4 Qb6 17. Qc2 O-O 18. Nf3 Rd5 19. c4 Qc7 20. Qe2 Rh5 21. h3
Rc5 22. b3 b5 23. Ne5 bxc4 24. Nxc4 a5 25. Rad1 Nd5 26. Rd4 Rb8 27. Qf3 Nb4 28.
Red1 Rf5 29. Qb7 1-0

[Event "Campeonato del Mundo sub-20 2010 Fem."]
[Site "Chotowa-Czarna, Poland"]
[Date "2010.08.11"]
[Round "8.18"]
[White "Kaya, Emel"]
[Black "Gosciniak, Maria"]
[Result "1-0"]
[WhiteElo "2015"]
[BlackElo "2149"]
[PlyCount "83"]
[EventDate "2010.08.03"]
[EventType "swiss"]
[EventRounds "13"]
[EventCountry "POL"]
[Source "lmi"]
[SourceDate "2010.08.03"]

1. e4 Nf6 2. e5 Nd5 3. d4 d6 4. c4 Nb6 5. exd6 exd6 6. Nc3 Be7 7. Bd3 O-O 8.
Nge2 Nc6 9. O-O Nb4 10. b3 Nxd3 11. Qxd3 c6 12. d5 c5 13. Bb2 Bf6 14. Rae1 g6
15. Qd2 Bg7 16. Ne4 f5 17. Bxg7 Kxg7 18. Ng5 h6 19. Ne6+ Bxe6 20. dxe6 Qe7 21.
Nf4 Rad8 22. Nd5 Nxd5 23. cxd5 f4 24. Re4 f3 25. g3 Rf5 26. Qc3+ Kh7 27. Rf4
Rdf8 28. Qxf3 h5 29. Rxf5 Rxf5 30. Qd3 h4 31. Qb5 hxg3 32. fxg3 Rxf1+ 33. Kxf1
Qf6+ 34. Kg2 Qe5 35. Qd3 Kg7 36. Qf3 b5 37. h4 Qb2+ 38. Qf2 Qxf2+ 39. Kxf2 a5
40. Ke3 Kf6 41. g4 Ke7 42. h5 1-0

[Event "Campeonato del Mundo sub-20 2010 Fem."]
[Site "Chotowa-Czarna, Poland"]
[Date "2010.08.11"]
[Round "8.19"]
[White "Skinke, Katrina"]
[Black "Forestier, Carole"]
[Result "1-0"]
[WhiteElo "2237"]
[BlackElo "2103"]
[PlyCount "85"]
[EventDate "2010.08.03"]
[EventType "swiss"]
[EventRounds "13"]
[EventCountry "POL"]
[Source "lmi"]
[SourceDate "2010.08.03"]

1. e4 e6 2. d4 d5 3. Nc3 Nf6 4. Bg5 Bb4 5. e5 h6 6. Be3 Ne4 7. Qg4 g6 8. a3
Bxc3+ 9. bxc3 c5 10. Bd3 h5 11. Qf3 Nxc3 12. Nh3 Nc6 13. dxc5 Nxe5 14. Qg3 Qf6
15. Bf4 Nc6 16. O-O O-O 17. Rfe1 Qg7 18. Bd6 Re8 19. f4 Bd7 20. Ng5 f6 21. Nf3
Kf7 22. Nh4 Ne4 23. Bxe4 dxe4 24. Rxe4 Ne7 25. Qb3 Kg8 26. Re3 Kh8 27. Rg3 g5
28. fxg5 fxg5 29. Rd1 Bc6 30. Qd3 Nf5 31. Nxf5 exf5 32. Qxf5 Be4 33. Qf2 Rad8
34. Qd2 g4 35. h3 Bf5 36. hxg4 Bxg4 37. Rf1 h4 38. Re3 h3 39. g3 Qd7 40. Qd4+
Kg8 41. Rf4 Bf5 42. Qd5+ Be6 43. Rg4+ 1-0

[Event "Campeonato del Mundo sub-20 2010 Fem."]
[Site "Chotowa-Czarna, Poland"]
[Date "2010.08.11"]
[Round "8.20"]
[White "Labedz, Patrycja"]
[Black "Olsarova, Tereza"]
[Result "1-0"]
[WhiteElo "2076"]
[BlackElo "2252"]
[PlyCount "83"]
[EventDate "2010.08.03"]
[EventType "swiss"]
[EventRounds "13"]
[EventCountry "POL"]
[Source "lmi"]
[SourceDate "2010.08.03"]

1. d4 d5 2. Nf3 Nf6 3. g3 c6 4. Bg2 Bf5 5. O-O e6 6. c4 Be7 7. Nc3 h6 8. Nd2
Nbd7 9. e4 dxe4 10. Ndxe4 O-O 11. Be3 Nxe4 12. Nxe4 Nf6 13. Nc3 Rc8 14. Qe2 Ng4
15. Rad1 Nxe3 16. fxe3 Qa5 17. Kh1 Rfd8 18. a3 Rd7 19. e4 Bg6 20. Bh3 Qa6 21.
Bg4 Rdc7 22. h4 Rf8 23. Kh2 Rcc8 24. h5 Bh7 25. d5 cxd5 26. exd5 Qxc4 27. dxe6
Qxe2+ 28. Nxe2 f5 29. Bf3 Rc2 30. Rd7 Bf6 31. Rfd1 Re8 32. Kh3 Rxe6 33. Nd4
Bxd4 34. Bd5 Bf6 35. Bxe6+ Kf8 36. Rxb7 Rxb2 37. Rxa7 Rb6 38. Bd5 f4 39. gxf4
Bf5+ 40. Kg3 Rb2 41. Re1 Rb8 42. Rf7+ 1-0